000 00699cam a22002291 4500
001 sa 65008969
003 DLC
005 20260227112159.0
008 811214s1964 pk 000 0 eng
010 _asa 65008969
025 _aPL480:P-E-763
035 _a(OCoLC)7992505
040 _aDLC
_cViU
_dDLC
042 _apremarc
050 0 0 _aPS55
_b.A7
100 1 _aAnderson, David D.
245 1 0 _aCritical studies in American literature;
_ba collection of essays
_cby David D. Anderson.
250 _a[1st ed.
260 _aKarachi]
_bBureau of Composition, and Translation, University of Karachi
_c[1964]
300 _a141 p.
_c22 cm.
650 0 _aAmerican literature
_xHistory and criticism.
999 _c65978
_d65978